[Event "Int. Stuttgarter Stadtmeisterschaft A"]
[Site "Ditzingen"]
[Date "2018.05.12"]
[Round "5.42"]
[White "Steinhart, Christoph"]
[Black "Recker, Martin"]
[Result "1/2-1/2"]
[WhiteElo "1985"]
[BlackElo "1879"]
[PlyCount "63"]
[EventDate "2018.??.??"]
[WhiteTeam "TSV Schönaich"]
[BlackTeam "SF Freiberg"]

1. e4 d5 2. exd5 Nf6 3. Bb5+ Bd7 4. Bc4 Bf5 5. Nc3 Nbd7 6. Bb3 Nb6 7. Qf3 Qd7
8. Nge2 O-O-O 9. d4 Nbxd5 10. Nxd5 Nxd5 11. Ng3 Bg6 12. O-O e6 13. c4 Nf6 14.
Rd1 h5 15. h4 Ng4 16. d5 Bc5 17. Be3 Nxe3 18. fxe3 exd5 19. Rxd5 Qc6 20. Ne4
Be7 21. Rad1 Bxh4 22. Nc5 Rxd5 23. Rxd5 Be7 24. Ba4 Qxc5 25. Rxc5 Bxc5 26. a3
a5 27. Kf2 Rd8 28. Ke1 Rd3 29. Qh3+ Kb8 30. Qh4 Rxe3+ 31. Kd2 Rd3+ 32. Ke2
1/2-1/2

[Event "Int. Stuttgarter Stadtmeisterschaft A"]
[Site "Ditzingen"]
[Date "2018.05.12"]
[Round "6.1"]
[White "Turov, Maxim"]
[Black "Dudek, Richard"]
[Result "1-0"]
[WhiteElo "2602"]
[BlackElo "2231"]
[PlyCount "39"]
[EventDate "2018.??.??"]
[BlackTeam "SC Eppingen"]

1. Nf3 Nf6 2. g3 b6 3. Bg2 Bb7 4. O-O e6 5. d3 d5 6. Nbd2 Be7 7. e4 O-O 8. e5
Nfd7 9. Re1 c5 10. h4 Nc6 11. Nf1 Re8 12. N1h2 f5 13. exf6 Bxf6 14. Ng4 e5 15.
c4 e4 16. dxe4 dxe4 17. Ng5 Bd4 18. Bxe4 Nf6 19. Nxf6+ gxf6 20. Bd5+ 1-0

[Event "Int. Stuttgarter Stadtmeisterschaft A"]
[Site "Ditzingen"]
[Date "2018.05.12"]
[Round "6.2"]
[White "Maiorov, Nikita"]
[Black "Kryakvin, Dmitry"]
[Result "1/2-1/2"]
[WhiteElo "2532"]
[BlackElo "2573"]
[PlyCount "101"]
[EventDate "2018.??.??"]

1. d4 Nf6 2. c4 e6 3. Nc3 Bb4 4. Qc2 d6 5. Nf3 Nbd7 6. g3 O-O 7. Bg2 e5 8. O-O
Re8 9. Nd5 Nxd5 10. cxd5 exd4 11. Nxd4 Bc5 12. Nb5 Nf6 13. Nc3 Bg4 14. Kh1 Bd7
15. e3 Rc8 16. Qb3 Bb6 17. Bd2 c5 18. dxc6 bxc6 19. Qc2 d5 20. Na4 Ne4 21. Nxb6
axb6 22. Be1 Bf5 23. Qd1 Qd7 24. f3 Nc5 25. Qd4 f6 26. Rd1 Qa7 27. b4 Ne6 28.
Qb2 Rcd8 29. Bc3 c5 30. e4 dxe4 31. fxe4 Rxd1 32. Rxd1 Bg4 33. Rd6 cxb4 34.
Bxb4 Ng5 35. e5 Nf7 36. Bd5 Kh8 37. Bxf7 Qxf7 38. exf6 Kg8 39. Kg1 Be6 40. fxg7
b5 41. Bc3 Qf3 42. Qd2 Bf7 43. Rf6 Qe4 44. Rf4 Qb1+ 45. Rf1 Qxa2 46. Qd6 Qe6
47. Qxe6 Bxe6 48. Rf4 Rc8 49. Be5 Bc4 50. Rf6 Re8 51. Bd4 1/2-1/2

[Event "Int. Stuttgarter Stadtmeisterschaft A"]
[Site "Ditzingen"]
[Date "2018.05.12"]
[Round "6.3"]
[White "Zuferi, Enis"]
[Black "Poysti, Nathanael"]
[Result "1-0"]
[WhiteElo "2342"]
[BlackElo "1977"]
[PlyCount "81"]
[EventDate "2018.??.??"]
[WhiteTeam "Heilbronner SV"]

1. d4 Nf6 2. Nf3 e6 3. c4 Bb4+ 4. Nbd2 b6 5. g3 Bb7 6. Bg2 O-O 7. O-O Re8 8.
Qc2 c5 9. a3 Bxd2 10. Qxd2 cxd4 11. Qxd4 Nc6 12. Qh4 Rc8 13. Be3 Na5 14. Rac1
Ne4 15. Ng5 Nxg5 16. Bxb7 Nxb7 17. Bxg5 f6 18. Be3 Qe7 19. Rfd1 Rc6 20. Qd4 d6
21. b4 Rec8 22. a4 e5 23. Qe4 Qf7 24. Rd5 Qc7 25. Rdd1 Qf7 26. Rd5 Qc7 27. Rd2
Qf7 28. Rdc2 a5 29. Qf5 g6 30. Qh3 R8c7 31. b5 Rxc4 32. Rxc4 Rxc4 33. Rxc4 Qxc4
34. Qd7 Qf7 35. Qc8+ Kg7 36. Bxb6 d5 37. Bc7 Nc5 38. b6 d4 39. Bxe5 fxe5 40.
Qxc5 Qf5 41. Qb5 1-0

[Event "Int. Stuttgarter Stadtmeisterschaft A"]
[Site "Ditzingen"]
[Date "2018.05.12"]
[Round "6.4"]
[White "Kabisch, Thilo"]
[Black "Ortmann, David"]
[Result "1-0"]
[WhiteElo "2315"]
[BlackElo "2322"]
[PlyCount "105"]
[EventDate "2018.??.??"]
[WhiteTeam "SK Schmiden/Cannstatt"]
[BlackTeam "SC Böblingen"]

1. e4 e6 2. d4 d5 3. Nd2 Be7 4. c3 c5 5. e5 Nh6 6. Ndf3 Nf5 7. Bd3 Nc6 8. Ne2
cxd4 9. cxd4 Bd7 10. O-O Qb6 11. Bb1 h5 12. b3 Rc8 13. g3 a5 14. h4 g6 15. a3
Na7 16. Re1 Nb5 17. Bb2 Kf8 18. Qd2 Kg7 19. Nf4 Nc7 20. Qd1 a4 21. b4 Bb5 22.
Bc2 Qa6 23. Bc1 Bd7 24. Nd3 b6 25. Nf4 Qa8 26. Nh3 Nb5 27. Bg5 Nc3 28. Qd2 Ne4
29. Bxe4 dxe4 30. Bxe7 Nxe7 31. Qg5 Ng8 32. Nd2 Bc6 33. Nc4 Qa7 34. Nd6 Rf8 35.
Rac1 Bd5 36. Nf4 Qe7 37. Nxd5 Qxg5 38. hxg5 exd5 39. Rc7 h4 40. g4 h3 41. Kh2
Rh4 42. Kg3 Rh7 43. Rh1 Rb8 44. Rxf7+ Kh8 45. Rxh3 Rxh3+ 46. Kxh3 Rd8 47. Rb7
Rf8 48. Nf7+ Kg7 49. Nd6+ Kh8 50. e6 Rxf2 51. Nf7+ Kg7 52. Ne5+ Kf8 53. Nxg6+
1-0

[Event "Int. Stuttgarter Stadtmeisterschaft A"]
[Site "Ditzingen"]
[Date "2018.05.12"]
[Round "6.5"]
[White "Maisch, Julian"]
[Black "Ikonnikov, Vyacheslav"]
[Result "1/2-1/2"]
[WhiteElo "2184"]
[BlackElo "2541"]
[PlyCount "83"]
[EventDate "2018.??.??"]
[WhiteTeam "SF Kornwestheim"]

1. e4 g6 2. d4 Bg7 3. Be3 d6 4. Nc3 a6 5. Qd2 b5 6. f3 Nd7 7. g4 Nb6 8. h4 h5
9. g5 e6 10. Rd1 Ne7 11. b3 Bb7 12. Nce2 Nd7 13. Ng3 c5 14. c3 Qc7 15. Bd3 b4
16. N1e2 bxc3 17. Qxc3 Nc6 18. Bb1 Rc8 19. Qd2 cxd4 20. Nxd4 d5 21. Kf2 Nxd4
22. Bxd4 O-O 23. Bxg7 Kxg7 24. exd5 Bxd5 25. Be4 Ne5 26. Bxd5 exd5 27. Rhe1
Rfe8 28. Qd4 Qc3 29. Qxc3 Rxc3 30. Rxd5 Ng4+ 31. fxg4 Rxe1 32. Kxe1 Rxg3 33.
gxh5 gxh5 34. Rd4 a5 35. Kf2 Rc3 36. Ra4 Rc5 37. Kg3 Rf5 38. b4 axb4 39. Rxb4
Ra5 40. a4 f6 41. Rb7+ Kg8 42. Rb8+ 1/2-1/2

[Event "Int. Stuttgarter Stadtmeisterschaft A"]
[Site "Ditzingen"]
[Date "2018.05.12"]
[Round "6.6"]
[White "Koepke, Christian"]
[Black "Degenhard, Simon"]
[Result "1/2-1/2"]
[WhiteElo "2328"]
[BlackElo "2189"]
[PlyCount "36"]
[EventDate "2018.??.??"]
[WhiteTeam "SC Garching"]
[BlackTeam "Heilbronner SV"]

1. e4 c5 2. Nf3 e6 3. d4 cxd4 4. Nxd4 a6 5. Bd3 Bc5 6. Nb3 Ba7 7. Qg4 Nf6 8.
Qg3 d6 9. Nc3 Nc6 10. Bg5 h6 11. Bd2 Nh5 12. Qf3 Nf6 13. Qg3 Nh5 14. Qf3 Nf6
15. Be3 O-O 16. O-O-O Ne5 17. Qe2 Bxe3+ 18. Qxe3 b5 1/2-1/2

[Event "Int. Stuttgarter Stadtmeisterschaft A"]
[Site "Ditzingen"]
[Date "2018.05.12"]
[Round "6.7"]
[White "Pogan, Nikolas"]
[Black "Cofmann, Veaceslav"]
[Result "1/2-1/2"]
[WhiteElo "2223"]
[BlackElo "2183"]
[PlyCount "105"]
[EventDate "2018.??.??"]
[WhiteTeam "Heilbronner SV"]
[BlackTeam "Karlsruher SF"]

1. d4 Nf6 2. c4 c5 3. d5 e6 4. Nc3 exd5 5. cxd5 Bd6 6. Nf3 O-O 7. Bg5 Re8 8. e3
a6 9. a4 Bc7 10. Be2 d6 11. Nd2 Nbd7 12. h4 Rb8 13. h5 h6 14. Bh4 Ba5 15. Nc4
Bxc3+ 16. bxc3 Qc7 17. a5 Ne4 18. Qd3 b5 19. axb6 Nxb6 20. f3 Nxc4 21. Qxc4 Ng5
22. Qf4 f6 23. O-O a5 24. Bd3 Bd7 25. Ra2 Re7 26. Rfa1 a4 27. Bc2 Rbe8 28. Bf2
Qa5 29. Qxd6 Qxc3 30. Bg6 Nf7 31. Qf4 Qb4 32. e4 Rc8 33. Bxf7+ Rxf7 34. Qd6 Qc4
35. Rb2 Qc3 36. Raa2 c4 37. Rb7 Be8 38. Qe6 Rd8 39. Rxa4 Qc1+ 40. Kh2 Qc2 41.
Bb6 Qxa4 42. Bxd8 Bd7 43. Qd6 c3 44. Bb6 c2 45. Rb8+ Kh7 46. Qg3 Be8 47. Be3
Re7 48. Qd6 Re5 49. g4 c1=Q 50. Bxc1 Qc2+ 51. Kg3 Qxc1 52. Qb6 Qe1+ 53. Qf2
1/2-1/2

[Event "Int. Stuttgarter Stadtmeisterschaft A"]
[Site "Ditzingen"]
[Date "2018.05.12"]
[Round "6.8"]
[White "Gabriel, Josef"]
[Black "Latzke, Boris"]
[Result "1/2-1/2"]
[WhiteElo "2106"]
[BlackElo "2217"]
[PlyCount "118"]
[EventDate "2018.??.??"]
[WhiteTeam "Stuttgarter SF"]
[BlackTeam "SK Bebenhausen"]

1. Nf3 Nf6 2. g3 d5 3. Bg2 c6 4. O-O Bg4 5. d3 e6 6. Nbd2 Nbd7 7. c4 Be7 8. b3
O-O 9. Bb2 a5 10. a3 h6 11. Re1 Re8 12. Rc1 Bd6 13. Qc2 Qe7 14. Ra1 Bf5 15. Nd4
Bg6 16. Bh3 Qd8 17. e4 dxe4 18. Nxe4 Be7 19. Nf3 Bh5 20. Bg2 Qb6 21. Qc3 Bxf3
22. Bxf3 Rad8 23. Rad1 e5 24. d4 Nxe4 25. Bxe4 exd4 26. Rxd4 Bf6 27. Qe3 Bxd4
28. Bxd4 c5 29. Bb2 Nf6 30. Qc3 Rd4 31. Bc2 Rdd8 32. Re5 Rxe5 33. Qxe5 Re8 34.
Qd5 Qe6 35. Qxc5 b6 36. Qd4 Qh3 37. Bc3 Qh5 38. Kg2 Qe2 39. Bd3 Qe6 40. b4 axb4
41. axb4 Qd7 42. Qxd7 Nxd7 43. Bd4 Ne5 44. Bf1 Nxc4 45. Bxc4 Re4 46. Bxf7+ Kxf7
47. Bxb6 Rxb4 48. Be3 Kg6 49. h3 Kf5 50. Kf3 h5 51. h4 Rb3 52. Kg2 Ke4 53. Bc5
Rc3 54. Bf8 Rc7 55. Bd6 Rf7 56. Bc5 Kd3 57. Be3 Ke2 58. Bd4 Rf5 59. Be3 Rf7
1/2-1/2

[Event "Int. Stuttgarter Stadtmeisterschaft A"]
[Site "Ditzingen"]
[Date "2018.05.12"]
[Round "6.9"]
[White "Kuberczyk, Christoph"]
[Black "Günther, Patrick"]
[Result "1/2-1/2"]
[WhiteElo "2244"]
[BlackElo "2072"]
[PlyCount "122"]
[EventDate "2018.??.??"]
[WhiteTeam "SV Diag.Harburg"]
[BlackTeam "Elmshorner SC"]

1. d4 Nf6 2. Nf3 d5 3. c4 e6 4. g3 Be7 5. Bg2 O-O 6. O-O dxc4 7. Ne5 Nc6 8.
Bxc6 bxc6 9. Nxc6 Qe8 10. Nxe7+ Qxe7 11. Qa4 c5 12. Qxc4 cxd4 13. Qxd4 e5 14.
Qh4 Qe6 15. Nc3 Bb7 16. Bg5 Nd7 17. Rad1 a5 18. Be7 Rfe8 19. Ba3 Qa6 20. e4 Nf6
21. f3 Rad8 22. Qg5 Qb6+ 23. Kg2 h6 24. Qc1 Rd4 25. Qe3 Ba6 26. Rf2 Red8 27.
Be7 R8d7 28. Bxf6 Qxf6 29. Rfd2 Bc4 30. Ne2 Rxd2 31. Rxd2 Rxd2 32. Qxd2 Qa6 33.
Nc3 Bf1+ 34. Kf2 Bh3 35. g4 Bf1 36. Ne2 Bxe2 37. Qxe2 Qb6+ 38. Kg2 a4 39. Qc2
Qd4 40. Qc3 Qd1 41. Kf2 f6 42. h4 Kh7 43. h5 Qb1 44. a3 Qd1 45. Ke3 Kh8 46. Qd2
Qg1+ 47. Kd3 Qd4+ 48. Kc2 Qc4+ 49. Qc3 Qe2+ 50. Kb1 Kh7 51. Ka2 Kh8 52. Qc6 Qd1
53. Qc4 Kh7 54. Qc3 Qe2 55. Qc8 Qd1 56. Qe6 Qc2 57. Qd7 Kh8 58. Qe8+ Kh7 59.
Qg6+ Kh8 60. Qf7 Kh7 61. Qd5 Kh8 1/2-1/2

[Event "Int. Stuttgarter Stadtmeisterschaft A"]
[Site "Ditzingen"]
[Date "2018.05.12"]
[Round "6.10"]
[White "Leutwyler, Martin"]
[Black "Wettengel, Alexander"]
[Result "1/2-1/2"]
[WhiteElo "2193"]
[BlackElo "2040"]
[PlyCount "144"]
[EventDate "2018.??.??"]
[WhiteTeam "SF Gottmadingen"]
[BlackTeam "Stuttgarter SF"]

1. d4 d5 2. Nf3 Nf6 3. c4 e6 4. g3 c5 5. cxd5 Nxd5 6. Bg2 cxd4 7. Nxd4 Bb4+ 8.
Bd2 O-O 9. O-O Qb6 10. e3 Bxd2 11. Qxd2 Rd8 12. Rd1 Nb4 13. Na3 N8c6 14. Nc4
Qc5 15. Qc3 Nxd4 16. exd4 Qe7 17. Ne3 Nd5 18. Nxd5 exd5 19. Rac1 Be6 20. Qb3
Rac8 21. Bf3 Qd7 22. h4 Rc6 23. Rxc6 Qxc6 24. Rd3 g6 25. Rc3 Qd7 26. Qc2 Bf5
27. Qc1 Be4 28. Qf4 Qd6 29. Qxd6 Rxd6 30. Bd1 Bf5 31. g4 Be6 32. g5 Rb6 33. Bb3
Rb5 34. Rd3 Rb6 35. Kg2 Kf8 36. Kf3 Ke7 37. Rc3 Kd6 38. Ke3 Rc6 39. Rxc6+ Kxc6
40. Bd1 Bf5 41. Kf4 Kd6 42. h5 Ke6 43. h6 Kd6 44. Ba4 Bd3 45. Ke3 Bf5 46. a3
Bb1 47. b4 Bf5 48. Be8 Ke7 49. Bb5 Kd6 50. a4 Bd7 51. Bxd7 Kxd7 52. Kf4 Kd6 53.
Kg4 Ke6 54. Kf4 f6 55. gxf6 Kxf6 56. Kg4 g5 57. f4 gxf4 58. Kxf4 Kg6 59. Ke5
Kxh6 60. Kxd5 Kg7 61. Ke6 Kf8 62. Kd7 h5 63. d5 h4 64. d6 h3 65. Kc8 h2 66. d7
h1=Q 67. d8=Q+ Kf7 68. Qd7+ Kf6 69. Qxb7 Qh8+ 70. Kc7 Qh2+ 71. Kd8 Qh8+ 72. Kc7
Qh2+ 1/2-1/2

[Event "Int. Stuttgarter Stadtmeisterschaft A"]
[Site "Ditzingen"]
[Date "2018.05.12"]
[Round "6.11"]
[White "Narr, Kevin"]
[Black "Tran, Thanh Kien"]
[Result "1/2-1/2"]
[WhiteElo "2089"]
[BlackElo "2194"]
[PlyCount "50"]
[EventDate "2018.??.??"]
[BlackTeam "SC Böblingen"]

1. d4 Nf6 2. Nf3 g6 3. c4 Bg7 4. e3 O-O 5. Be2 c5 6. d5 d6 7. Nc3 e6 8. e4 exd5
9. exd5 Re8 10. O-O Ne4 11. Nxe4 Rxe4 12. Bd3 Re8 13. Bg5 Bf6 14. Qd2 Nd7 15.
Qf4 Bxg5 16. Nxg5 Ne5 17. Rae1 f6 18. Ne4 Nxd3 19. Nxf6+ Kf7 20. Rxe8 Qxe8 21.
Qh4 Qe2 22. Qxh7+ Kxf6 23. Qh4+ Kf7 24. Qh7+ Kf6 25. Qh4+ Kf7 1/2-1/2

[Event "Int. Stuttgarter Stadtmeisterschaft A"]
[Site "Ditzingen"]
[Date "2018.05.12"]
[Round "6.12"]
[White "Gheng, Simona"]
[Black "Migl, Dieter"]
[Result "0-1"]
[WhiteElo "1974"]
[BlackElo "2170"]
[PlyCount "72"]
[EventDate "2018.??.??"]
[WhiteTeam "SF Deizisau"]
[BlackTeam "Stuttgarter SF"]

1. e4 c5 2. c4 e6 3. Nc3 Nc6 4. g3 g6 5. Bg2 Bg7 6. Nge2 Nge7 7. d3 d6 8. O-O
O-O 9. a3 b6 10. Rb1 Bb7 11. b4 Qd7 12. b5 Nd4 13. Bb2 d5 14. exd5 exd5 15.
Nxd4 cxd4 16. Nxd5 Nxd5 17. Bxd5 Bxd5 18. cxd5 Qxd5 19. Qa4 h5 20. Rfe1 Rfe8
21. Qc4 Qxc4 22. dxc4 Rec8 23. Re7 Rxc4 24. Rd7 Rac8 25. Rd1 R8c5 26. Rd8+ Kh7
27. Bxd4 Rxb5 28. Bxg7 Kxg7 29. R8d7 a5 30. R1d3 Rf5 31. Rb7 Rc2 32. f4 Rb5 33.
Rd1 Rbb2 34. h4 Rc3 35. a4 Rxg3+ 36. Kh1 Rf3 0-1

[Event "Int. Stuttgarter Stadtmeisterschaft A"]
[Site "Ditzingen"]
[Date "2018.05.12"]
[Round "6.14"]
[White "Klings, Peter"]
[Black "Fischer, Daniel"]
[Result "1-0"]
[WhiteElo "2142"]
[BlackElo "2004"]
[PlyCount "39"]
[EventDate "2018.??.??"]
[WhiteTeam "Freibauer Mörlenbach"]
[BlackTeam "SVG Offenburg"]

1. Nf3 d6 2. d4 g6 3. e4 Bg7 4. h3 a6 5. c4 c5 6. d5 Nf6 7. Nc3 O-O 8. a4 e6 9.
Bd3 exd5 10. cxd5 Re8 11. O-O c4 12. Bc2 Nbd7 13. Be3 Qc7 14. Qe2 Rb8 15. Nd4
Ne5 16. Rfe1 b6 17. f4 Ned7 18. Nc6 b5 19. axb5 axb5 20. Ra7 1-0

[Event "Int. Stuttgarter Stadtmeisterschaft A"]
[Site "Ditzingen"]
[Date "2018.05.12"]
[Round "6.15"]
[White "Jerie, Sven"]
[Black "Rohde, Patrick"]
[Result "1/2-1/2"]
[WhiteElo "2078"]
[BlackElo "1953"]
[PlyCount "70"]
[EventDate "2018.??.??"]
[WhiteTeam "SG Ludwigsburg"]
[BlackTeam "Elmshorner SC"]

1. e4 c5 2. Nf3 e6 3. d4 cxd4 4. Nxd4 a6 5. Bd3 Qb6 6. Nb3 Qc7 7. O-O Nf6 8.
Qe2 d6 9. c4 g6 10. Bf4 Nfd7 11. c5 e5 12. cxd6 Qxd6 13. Bg5 h6 14. Bd2 Bg7 15.
Nc3 O-O 16. Nd5 Nc6 17. Rac1 Nf6 18. Rxc6 bxc6 19. Bb4 Qd7 20. Nb6 Qb7 21. Bxf8
Qxb6 22. Bc5 Qc7 23. Bc4 a5 24. Rd1 a4 25. Nc1 Qa5 26. Ba3 Ba6 27. Bxa6 Rxa6
28. Qc4 Bf8 29. Bxf8 Kxf8 30. Nd3 Qb5 31. Qxb5 cxb5 32. Nb4 Ra8 33. f3 Rc8 34.
Kf2 Ke7 35. Ke3 Ke6 1/2-1/2

[Event "Int. Stuttgarter Stadtmeisterschaft A"]
[Site "Ditzingen"]
[Date "2018.05.12"]
[Round "6.16"]
[White "Scheynin, Julia"]
[Black "Schroeter, Samuel"]
[Result "1/2-1/2"]
[WhiteElo "1986"]
[BlackElo "2125"]
[PlyCount "65"]
[EventDate "2018.??.??"]
[WhiteTeam "Karlsruher SF"]
[BlackTeam "SC Böblingen"]

1. e4 g6 2. g3 Bg7 3. Bg2 c5 4. Nc3 Nc6 5. d3 d6 6. f4 Nf6 7. Nf3 Bg4 8. h3 Bd7
9. O-O O-O 10. Bd2 Rb8 11. Rb1 b5 12. a3 a5 13. a4 b4 14. Nb5 Nd4 15. Nbxd4
cxd4 16. b3 Rc8 17. Kh2 Rc5 18. e5 Nd5 19. Nxd4 dxe5 20. fxe5 Bxe5 21. Ne2 Nc3
22. Nxc3 Bxc3 23. d4 Rh5 24. Bxc3 bxc3 25. g4 Qc7+ 26. Kg1 Rg5 27. Qc1 h6 28.
Qe3 Qd6 29. Rbe1 f5 30. gxf5 Rfxf5 31. Rxf5 Bxf5 32. Qxc3 Qd8 33. Re2 1/2-1/2

[Event "Int. Stuttgarter Stadtmeisterschaft A"]
[Site "Ditzingen"]
[Date "2018.05.12"]
[Round "6.17"]
[White "Schwab, Matthias"]
[Black "Lahouel, Kim-Luca"]
[Result "1-0"]
[WhiteElo "2117"]
[BlackElo "1736"]
[PlyCount "63"]
[EventDate "2018.??.??"]
[WhiteTeam "SC Böblingen"]
[BlackTeam "Heilbronner SV"]

1. c4 e5 2. Nc3 Nf6 3. g3 Bc5 4. Bg2 O-O 5. Nf3 Nc6 6. O-O d6 7. d3 h6 8. a3 a5
9. Bd2 Bd7 10. b3 Qc8 11. Qc1 Bh3 12. e4 Qg4 13. Nd5 Nxd5 14. cxd5 Ne7 15. Nxe5
dxe5 16. Bxh3 Qxh3 17. Qxc5 Ng6 18. f4 exf4 19. Bxf4 h5 20. Qe3 Ra6 21. Bxc7 h4
22. Qg5 hxg3 23. Bxg3 Rb6 24. Rab1 Rc8 25. Rfc1 Re8 26. d6 Qe6 27. Qf5 Qxf5 28.
exf5 Nf8 29. b4 a4 30. Re1 Rd8 31. Rbc1 f6 32. Rc7 1-0

[Event "Int. Stuttgarter Stadtmeisterschaft A"]
[Site "Ditzingen"]
[Date "2018.05.12"]
[Round "6.18"]
[White "Lehmann, Stefan"]
[Black "Faulhaber, Rolf"]
[Result "1/2-1/2"]
[WhiteElo "1922"]
[BlackElo "2065"]
[PlyCount "43"]
[EventDate "2018.??.??"]
[WhiteTeam "Ssg Fils-Lauter"]
[BlackTeam "SK Tauberbischofsheim"]

1. e4 e6 2. d4 d5 3. Nd2 Be7 4. Ngf3 Nf6 5. e5 Nfd7 6. Bd3 c5 7. c3 b6 8. Nf1
Ba6 9. a3 Bxd3 10. Qxd3 c4 11. Qe2 Nc6 12. Ng3 g6 13. h4 h6 14. Nh2 b5 15. h5
g5 16. Qg4 Qa5 17. O-O O-O-O 18. Qf3 Rdf8 19. Be3 f5 20. exf6 Nxf6 21. Qe2 Nd8
22. Nf3 1/2-1/2

[Event "Int. Stuttgarter Stadtmeisterschaft A"]
[Site "Ditzingen"]
[Date "2018.05.12"]
[Round "6.19"]
[White "Reuss, Andreas"]
[Black "Schuster, Gerhard"]
[Result "1-0"]
[WhiteElo "2346"]
[BlackElo "1982"]
[PlyCount "120"]
[EventDate "2018.??.??"]
[BlackTeam "SC Feuerbach"]

1. e4 e5 2. Nf3 Nc6 3. Nc3 Nf6 4. d4 exd4 5. Nxd4 Bb4 6. Nxc6 bxc6 7. Bd3 d5 8.
exd5 cxd5 9. O-O O-O 10. Qf3 Bg4 11. Qg3 Bh5 12. f4 Ne4 13. Qh3 Bc5+ 14. Kh1
Nf6 15. f5 h6 16. Bf4 Bd6 17. Nxd5 Nxd5 18. Bxd6 Qxd6 19. Qxh5 Nf4 20. Qg4 Nxd3
21. f6 g6 22. cxd3 Rfe8 23. Rf3 Rab8 24. Qh4 h5 25. Qf2 c5 26. Rg1 Qd4 27. Qd2
Re6 28. b3 Rxf6 29. Re3 Rd8 30. h3 Kg7 31. Rc1 Qd6 32. Kg1 Kh7 33. Rc4 Rf4 34.
Rxf4 Qxf4 35. Qf2 Qxf2+ 36. Kxf2 Rd7 37. Ke2 Kg7 38. Re5 Rc7 39. Ke3 Kf6 40.
Ke4 a5 41. g4 hxg4 42. hxg4 a4 43. g5+ Kg7 44. bxa4 c4 45. Kd4 c3 46. Re1 f6
47. Rc1 c2 48. gxf6+ Kxf6 49. Ke4 Ke6 50. a5 Kd7 51. a6 Kc8 52. d4 Kb8 53. Kd3
g5 54. Rxc2 Rf7 55. Ke4 Ka7 56. Rg2 Rg7 57. Kf5 Kxa6 58. Rxg5 Re7 59. Rg2 Kb5
60. Rd2 Kb4 1-0

[Event "Int. Stuttgarter Stadtmeisterschaft A"]
[Site "Ditzingen"]
[Date "2018.05.12"]
[Round "6.20"]
[White "Schulte, Torsten"]
[Black "Lohvinov, Petro"]
[Result "0-1"]
[WhiteElo "2094"]
[BlackElo "1879"]
[PlyCount "68"]
[EventDate "2018.??.??"]
[WhiteTeam "SC Böblingen"]
[BlackTeam "SK München Südost"]

1. d4 Nf6 2. c4 g6 3. Nf3 Bg7 4. g3 d6 5. Bg2 O-O 6. Nc3 Nbd7 7. O-O e5 8. e4
exd4 9. Nxd4 Re8 10. h3 Ne5 11. Re1 c6 12. Rb1 a5 13. b3 Nfd7 14. Be3 Nc5 15.
f4 Ned3 16. Re2 f5 17. a3 fxe4 18. b4 axb4 19. axb4 Ne6 20. Nxe4 Nxd4 21. Bxd4
Bxd4+ 22. Kh2 Ra3 23. Rd2 Rxe4 24. Rxd3 Re1 25. Rxa3 Rxd1 26. Rxd1 Bf6 27. b5
Qc7 28. bxc6 bxc6 29. Rad3 Be7 30. Re3 Kf7 31. Rde1 Bf6 32. Rd1 Ba6 33. Bf1 d5
34. cxd5 Bxf1 0-1

[Event "Int. Stuttgarter Stadtmeisterschaft A"]
[Site "Ditzingen"]
[Date "2018.05.12"]
[Round "6.21"]
[White "Verbitsky, Jaroslaw"]
[Black "Seitz, Patrick"]
[Result "1-0"]
[WhiteElo "1765"]
[BlackElo "2038"]
[PlyCount "67"]
[EventDate "2018.??.??"]
[WhiteTeam "SV Mattnetz Berlin"]
[BlackTeam "SR Heuberg-Gosheim"]

1. e4 c5 2. Nf3 Nc6 3. d4 cxd4 4. Nxd4 Nf6 5. f3 d5 6. exd5 Qxd5 7. Nb5 Qxd1+
8. Kxd1 Kd8 9. Bc4 Ne5 10. Bb3 e6 11. Ke2 Bd7 12. Rd1 a6 13. Nd6 Kc7 14. Ne4
Nxe4 15. fxe4 Ng6 16. Be3 Bc6 17. Nc3 Bb4 18. Rd3 Rae8 19. a3 Ba5 20. Ba4 b5
21. b4 Bb6 22. Bb3 Kb7 23. Rf1 Re7 24. Bxb6 Kxb6 25. g3 h5 26. h3 Rc8 27. Rd6
Ka7 28. Kd2 Rec7 29. Rf3 Ne5 30. Re3 Bd7 31. Ne2 Rxc2+ 32. Bxc2 Nc4+ 33. Kc1
Nxd6 34. Rd3 1-0

[Event "Int. Stuttgarter Stadtmeisterschaft A"]
[Site "Ditzingen"]
[Date "2018.05.12"]
[Round "6.22"]
[White "Zitzelsberger, Philipp"]
[Black "Scholtes, Benedikt"]
[Result "1-0"]
[WhiteElo "1912"]
[BlackElo "2028"]
[PlyCount "119"]
[EventDate "2018.??.??"]
[WhiteTeam "SC Weiße Dame Ulm e.V."]
[BlackTeam "SG Trier"]

1. e4 d5 2. exd5 Qxd5 3. d4 e5 4. Nf3 Bg4 5. Be2 exd4 6. O-O Nc6 7. Nc3 Qd7 8.
Nxd4 Bxe2 9. Qxe2+ Be7 10. Nxc6 Qxc6 11. Bf4 O-O-O 12. Nb5 Bc5 13. b4 Bb6 14.
Bxc7 Nf6 15. Bxd8 Rxd8 16. Rad1 Re8 17. Qc4 Qxc4 18. Nd6+ Kc7 19. Nxc4 Re2 20.
Rd2 Re4 21. Nxb6 Kxb6 22. Rb1 Kb5 23. a3 Ka4 24. Rd3 Re2 25. c4 b6 26. f3 Rc2
27. c5 bxc5 28. bxc5 Rxc5 29. Rb7 a5 30. Rxf7 Nd5 31. Rxg7 Nc3 32. Rxh7 Kxa3
33. Rb7 a4 34. h4 Ka2 35. Rd2+ Ka1 36. Re7 a3 37. Re1+ Nb1 38. Rd3 a2 39. Rb3
Rc2 40. Ra3 Kb2 41. Rxa2+ Kxa2 42. h5 Nd2 43. h6 Kb3 44. Re8 Rc7 45. Rh8 Nc4
46. h7 Kc3 47. g4 Ne5 48. Kf2 Kc4 49. Kg3 Ng6 50. Rg8 Rxh7 51. Rxg6 Kd5 52. Rf6
Ke5 53. g5 Rh1 54. f4+ Ke4 55. Kg4 Rh2 56. Re6+ Kd5 57. f5 Rg2+ 58. Kh5 Rh2+
59. Kg6 Rf2 60. Kf6 1-0

[Event "Int. Stuttgarter Stadtmeisterschaft A"]
[Site "Ditzingen"]
[Date "2018.05.12"]
[Round "6.23"]
[White "Döring, Stefan"]
[Black "Afonso, Nils"]
[Result "1-0"]
[WhiteElo "1983"]
[BlackElo "1911"]
[PlyCount "97"]
[EventDate "2018.??.??"]
[WhiteTeam "SC Tamm"]
[BlackTeam "SF Kornwestheim"]

1. Nf3 Nf6 2. e3 g6 3. d4 Bg7 4. c4 O-O 5. Be2 d5 6. cxd5 Nxd5 7. e4 Nb6 8. Nc3
Bg4 9. Be3 e6 10. h3 Bxf3 11. Bxf3 Nc6 12. e5 Nd5 13. Nxd5 exd5 14. Qb3 Ne7 15.
Qxb7 c5 16. O-O cxd4 17. Bxd4 Nf5 18. Bc5 Rb8 19. Qxa7 Re8 20. Rad1 Ra8 21. Qb7
Rb8 22. Qxd5 Qxd5 23. Bxd5 Rxb2 24. Bb3 Bf8 25. Bxf8 Kxf8 26. Rd7 Re7 27. Rxe7
Nxe7 28. Re1 Nc6 29. e6 fxe6 30. Rxe6 Nd4 31. Re3 Nxb3 32. axb3 Kg7 33. g3 g5
34. Kg2 Kf6 35. Kf3 h5 36. Ke4 Ke6 37. f4 gxf4 38. Kxf4+ Kf6 39. Rc3 Rf2+ 40.
Ke3 Rg2 41. Kf3 Rh2 42. Rc6+ Kf5 43. Rc5+ Kg6 44. Rc4 Rb2 45. b4 Rb1 46. Rc6+
Kf5 47. Rc5+ Kg6 48. b5 Rb4 49. h4 1-0

[Event "Int. Stuttgarter Stadtmeisterschaft A"]
[Site "Ditzingen"]
[Date "2018.05.12"]
[Round "6.24"]
[White "Döserich, Jürgen"]
[Black "Viehoff, Jürgen"]
[Result "1-0"]
[WhiteElo "2010"]
[BlackElo "1897"]
[PlyCount "143"]
[EventDate "2018.??.??"]
[WhiteTeam "Schw. Pumpe Freiburg"]
[BlackTeam "SC Stetten a.d.F."]

1. d4 Nf6 2. c4 e5 3. dxe5 Ng4 4. Bf4 Nc6 5. Nf3 Bb4+ 6. Nbd2 Qe7 7. e3 Ngxe5
8. Nxe5 Nxe5 9. Be2 O-O 10. O-O Bxd2 11. Qxd2 d6 12. Qc3 Ng6 13. Bg3 Bf5 14.
Rac1 b6 15. Rfd1 Be4 16. b4 a5 17. a3 axb4 18. axb4 Ra2 19. Rd2 Rfa8 20. Rxa2
Rxa2 21. Bf1 Ne5 22. c5 bxc5 23. bxc5 h5 24. cxd6 cxd6 25. Qd4 Rc2 26. Rd1 Bf5
27. Qxd6 Qxd6 28. Rxd6 Nc4 29. Rd1 Nb2 30. Ra1 Kh7 31. f3 Nc4 32. e4 Be6 33.
Bf4 f6 34. h4 Nd2 35. Bd3 Rc3 36. Be2 Nc4 37. Kf2 Nb2 38. Rc1 Nd3+ 39. Bxd3
Rxd3 40. Rc6 Bf7 41. Rc7 Kg6 42. g4 Bb3 43. gxh5+ Kxh5 44. Rxg7 Bd1 45. Be3 Ra3
46. Rh7+ Kg6 47. Rd7 Ra2+ 48. Rd2 Rxd2+ 49. Bxd2 Kh5 50. Kg3 Ba4 51. Bc3 Kg6
52. Kf4 Bd7 53. Be1 Be6 54. Ke3 Bd7 55. Kd4 Bh3 56. f4 Bg2 57. Ba5 Bf3 58. Bd8
Bg4 59. Kc5 Bf3 60. e5 fxe5 61. fxe5 Kf7 62. Kd6 Bg4 63. Bg5 Ke8 64. e6 Bh5 65.
Ke5 Bg4 66. Kf6 Bh5 67. Kg7 Bg4 68. e7 Bf3 69. Bf6 Bg4 70. Kg6 Be2 71. h5 Bd3+
72. Kg7 1-0